000 00373cam a2200169 4500
001 D11913
008 090401t1933 xxu||||| |||| 00| 0 eng d
035 _a(Sirsi) u243
041 _aeng
100 _aAdkin, B. W.
245 _aLand drainage in Britain
260 _bEstates Gazette
_c1933
350 _a0
520 _aShelf 113
942 _n0
948 _c04/03/1997
999 _c85501
_d85501